| 000 | 00609nam a2200229Ia 4500 | ||
|---|---|---|---|
| 003 | OSt | ||
| 005 | 20220918201339.0 | ||
| 006 | a|||||r|||| 00| 0 | ||
| 007 | ta | ||
| 008 | 220917b |||||||| |||| 00| 0 eng d | ||
| 024 | _a93,250 | ||
| 037 | _cTextual | ||
| 040 |
_aARTS _cARTS _beng |
||
| 041 |
_2eng _aeng |
||
| 082 | _aV1-10(Y:413):N1, F5 | ||
| 100 |
_aWilloughby W W _998239 |
||
| 245 | 0 |
_aOpium as an international problem _b the Geneva conference |
|
| 260 | _c1925 | ||
| 650 | _aHISTORY | ||
| 942 |
_hV1-10(Y:413):N1, F5 _cTEXL _2CC |
||
| 999 |
_c216897 _d216897 |
||